| 000 | 00542nam a2200193 4500 | ||
|---|---|---|---|
| 003 | OSt | ||
| 005 | 20260530113849.0 | ||
| 008 | 260505b |||||||| |||| 00| 0 ita d | ||
| 040 |
_aICI _bspa _cICI |
||
| 050 |
_aNK1505 _bI58 1965 |
||
| 100 | 1 |
_aTedeschi, Paolo _931080 |
|
| 245 | 1 | 0 |
_aIntroduziones al Disegno industriale _cPaolo Tedeschi |
| 264 | 1 |
_bEdizioni Calderini Bolgna _c1965 _aItalia |
|
| 300 | _a141 páginas | ||
| 336 |
_atexto _2rdacontent |
||
| 337 |
_asin medio _2rdamedia |
||
| 338 |
_avolumen _2rdacarrier |
||
| 942 |
_2ddc _cBK _n1 |
||
| 999 |
_c11399 _d11399 |
||